Psicoanálisis y existencialismo /

Obra que plantea la construcción de una psicoterapia cuyo punto de partida es el nivel espiritual del hombre, para acceder desde allí al campo de la responsabilidad humana, pues es al hombre a quien le compete responder ante las fatalidades psíquicas. Por ello Viktor Frankl, propone que en lugar de...

Ausführliche Beschreibung

Gespeichert in:
Bibliographische Detailangaben
1. Verfasser: Frankl, Viktor E. (autor)
Weitere Verfasser: Silva, Carlos (traducción) (traducción), Mendoza, José (traducción) (traducción)
Format: Buch
Sprache:Spanisch
Veröffentlicht: México : Fondo de Cultura Económica, 1950
Schriftenreihe:(Breviarios ; 27)
Schlagworte:
Tags: Tag hinzufügen
Keine Tags, Fügen Sie das erste Tag hinzu!

MARC

LEADER 00000nam^a2200000^a^4500
001 000000554
005 20250521000000.0
009 20260310083032.302
037 |a Acervo ITESO - Biblioteca 
041 |a ESP 
082 |a 082.  |b BRE V. 27 
100 |a Frankl, Viktor E.  |e (autor) 
245 1 0 |a Psicoanálisis y existencialismo /  |c V.E. Frankl ; tr. por C. Silva, J. Mendoza. 
264 1 |a México :  |b Fondo de Cultura Económica,  |c 1950 
300 |a 311 p. 
336 |a texto  |b txt  |2 rdacontenido 
337 |a sin mediación  |b n  |2 rdamedio 
338 |a volumen  |b nc  |2 rdasoporte 
440 1 |a (Breviarios ;  |v 27) 
500 |a Traducción de: Arztliche Seelsorge 
520 |a Obra que plantea la construcción de una psicoterapia cuyo punto de partida es el nivel espiritual del hombre, para acceder desde allí al campo de la responsabilidad humana, pues es al hombre a quien le compete responder ante las fatalidades psíquicas. Por ello Viktor Frankl, propone que en lugar de confrontarlo desde el análisis psíquico, es necesario hacerlo desde un análisis existencial o análisis del ser-hombre. 
649 |a XX 
650 |a Logoterapia -  |x Tema Principal 
650 |a Existencialismo 
650 |a Psicoanálisis 
650 |a Psicoterapia 
650 |a Psicología Clínica 
700 |a Silva, Carlos  |e (traducción) 
700 |a Mendoza, José  |e (traducción) 
910 |a Fondo General 
920 |a Impresos - Libros 
930 |a Colección General 
905 |a 101 
901 |a 0005540100  |b IT1  |c ACC  |i 000554  |u 20250521 
901 |a 0005540200  |b IT1  |c ACC  |i 900522  |u 20250521 
902 |a https://opac.biblio.iteso.mx/vufind/Record/000000554